书目信息 |
| 题名: |
列宁与词典
|
|
| 作者: | 列瓦绍夫 , 佩图什科夫 著 ;陆词 译 | |
| 分册: | ||
| 出版信息: | 北京 商务印书馆 1978 |
|
| 页数: | 124页 | |
| 开本: | 19cm | |
| 丛书名: | ||
| 单 册: | ||
| 中图分类: | A82 | |
| 科图分类: | ||
| 主题词: | 列宁著作--学习 , 列宁著作研究 | |
| 电子资源: | ||
| ISBN: | ||
| 000 | 00753nam0 2200265 45 | |
| 001 | 0178002865 | |
| 005 | 20050530095753.1 | |
| 010 | @dCNY0.33 | |
| 091 | @a9017.808 | |
| 100 | @a19950717d1978 em y0chiy0121 ea | |
| 101 | 1 | @achi@crus |
| 102 | @aCN@b110000 | |
| 105 | @ay z 000yd | |
| 200 | 10 | @a列宁与词典@Alie ning yu ci dian@f(苏)叶·阿·列瓦绍夫,瓦·彼·佩图什科夫著@F(Su)Ye·A·Lie Wa Shao Fu,Wa·Bi·Pei Tu Shen Ke Fu Zhu@g陆词译 |
| 210 | @a北京@c商务印书馆@d1978 | |
| 215 | @a124页@d19cm | |
| 300 | @a内部发行 | |
| 606 | 0 | @a列宁著作@x学习 |
| 606 | 0 | @a列宁著作研究 |
| 690 | @aA82@v3 | |
| 701 | 0 | @a列瓦绍夫@4著 |
| 701 | 0 | @a佩图什科夫@4著 |
| 702 | 0 | @a陆词@Alu ci@4译 |
| 801 | 0 | @aCN@bNLC@c20050527 |
| 905 | @f1@b1052@dA82@e1-1 | |
| 列宁与词典/(苏)叶·阿·列瓦绍夫,瓦·彼·佩图什科夫著/陆词译.-北京:商务印书馆,1978 |
| 124页;19cm |
| 内部发行 |
| ISBN :CNY0.33 |
| ● |
| 相关链接 |
|
|
|
|
正题名:列宁与词典
索取号:A82/1-1
 
预约/预借
| 序号 | 登录号 | 条形码 | 馆藏地/架位号 | 状态 | 备注 |
| 1 | 0001052 | 002047715 | 第一样本阅览室/ [索取号:A82/1-1] | 在馆 |